| 000 | 01436cam a2200373 a 4500 | ||
|---|---|---|---|
| 999 |
_c532058 _d532058 |
||
| 001 | 16039271 | ||
| 003 | NUST | ||
| 005 | 20191107114550.0 | ||
| 008 | 100104s2011 enka b 001 0 eng | ||
| 010 | _a 2009051835 | ||
| 020 | _a9780415459099 (hardback : alk. paper) | ||
| 020 | _a9780415459105 (pbk. : alk. paper) | ||
| 038 | _aMSOHAIL | ||
| 040 |
_aDLC _beng _cDLC _dDLC |
||
| 042 | _apcc | ||
| 050 | 0 | 0 |
_aHD9715.A2 _bL657 2011 |
| 082 | 0 | 0 |
_a624.0684 _222 |
| 100 | 1 |
_aLoosemore, Martin, _d1962- _91153 |
|
| 245 | 1 | 0 |
_aResponsible corporate strategy in construction and engineering : _b"doing the right thing?" / _cMartin Loosemore and Florence Phua. |
| 260 |
_aLondon ; _aNew York : _bSpon Press, _c2011. |
||
| 300 |
_axi, 176 p. : _bill. ; _c24 cm. |
||
| 504 | _aIncludes bibliographical references and index. | ||
| 650 | 0 |
_aConstruction industry _xManagement. _9806 |
|
| 650 | 0 |
_aBuilding _xMoral and ethical aspects. _925345 |
|
| 650 | 0 |
_aSocial responsibility of business. _925346 |
|
| 650 | 0 |
_aCustomer relations. _925304 |
|
| 650 | 0 |
_aConsumer satisfaction. _925347 |
|
| 650 | 0 |
_aStrategic planning. _912267 |
|
| 650 | 0 |
_aArchitects and builders _xProfessional ethics. _925348 |
|
| 700 | 1 |
_aPhua, Florence, _d1974- _925349 |
|
| 906 |
_a7 _bcbc _corignew _d1 _eecip _f20 _gy-gencatlg |
||
| 942 |
_2ddc _cBK |
||